Money, credit, and capital
Graduate level text for courses & seminars in monetary theory. Based on materials from the author's graduate courses at Yale and M.I.T., these notes were revised and updated by the author over many years
Đã lưu trong:
| 主要作者: | |
|---|---|
| 格式: | 圖書 |
| 語言: | Undetermined |
| 出版: |
Boston, Mass.
Irwin/McGraw-Hill
1998
|
| 主題: | |
| 標簽: |
添加標簽
沒有標簽, 成為第一個標記此記錄!
|
| Thư viện lưu trữ: | Trung tâm Học liệu Trường Đại học Cần Thơ |
|---|
| LEADER | 00795nam a2200205Ia 4500 | ||
|---|---|---|---|
| 001 | CTU_155695 | ||
| 008 | 210402s9999 xx 000 0 und d | ||
| 020 | |c 116.75 | ||
| 082 | |a 332.4 | ||
| 082 | |b 629 | ||
| 100 | |a Tobin, James | ||
| 245 | 0 | |a Money, credit, and capital | |
| 245 | 0 | |c James Tobin with the collaboration of Stephen S. Golub | |
| 260 | |a Boston, Mass. | ||
| 260 | |b Irwin/McGraw-Hill | ||
| 260 | |c 1998 | ||
| 520 | |a Graduate level text for courses & seminars in monetary theory. Based on materials from the author's graduate courses at Yale and M.I.T., these notes were revised and updated by the author over many years | ||
| 650 | |a Money,Capital,Credit,TIền tệ,Vốn,Tín dụng | ||
| 904 | |i H. Mai | ||
| 980 | |a Trung tâm Học liệu Trường Đại học Cần Thơ | ||